Central Library OPAC University of Rajshahi

The greatest power on earth : (Record no. 9474)

MARC details
000 -LEADER
fixed length control field 00801cam a2200265 a 4500
001 - CONTROL NUMBER
control field 9474
003 - CONTROL NUMBER IDENTIFIER
rucl marc code BD-RjUL
005 - DATE AND TIME OF LATEST TRANSACTION
control field 20211208234802.0
008 - FIXED-LENGTH DATA ELEMENTS--GENERAL INFORMATION
fixed length control field 140121r1980 nyufa b 001 0 eng
020 ## - INTERNATIONAL STANDARD BOOK NUMBER
International Standard Book Number 0060148462 :
035 ## - SYSTEM CONTROL NUMBER
System control number (BD-RjUL)9519
040 ## - CATALOGING SOURCE
Original cataloging agency DLC
Transcribing agency DLC
Modifying agency (BD-RjUL)
Language of cataloging eng
041 ## - LANGUAGE CODE
Language code of text/sound track or separate title eng
082 00 - DEWEY DECIMAL CLASSIFICATION NUMBER
Classification number 355.82511909
Edition number 19
Author mark and year CLG 1980
100 1# - MAIN ENTRY--PERSONAL NAME
Personal name Clark, Ronald William.
9 (RLIN) 29359
245 14 - TITLE STATEMENT
Title The greatest power on earth :
Remainder of title The stroy of Nuclear Fission /
Statement of responsibility, etc. Ronald W. Clark.
260 ## - PUBLICATION, DISTRIBUTION, ETC. (IMPRINT)
Place of publication, distribution, etc. London :
Name of publisher, distributor, etc. Sidgwick and jackson,
Date of publication, distribution, etc. c1980.
300 ## - PHYSICAL DESCRIPTION
Pagination ix, 342 p., [16] p. of plates ;
Size 24 cm.
500 ## - GENERAL NOTE
General note Includes index.
504 ## - BIBLIOGRAPHY, ETC. NOTE
Bibliography, etc Bibliography: p. [299]-305.
650 #0 - SUBJECT ADDED ENTRY--TOPICAL TERM
Topical term or geographic name as entry element Nuclear energy
General subdivision History.
9 (RLIN) 29360
942 ## - ADDED ENTRY ELEMENTS (KOHA)
Source of classification or shelving scheme Dewey Decimal Classification
Koha item type Books
Holdings
Lost status Source of classification or shelving scheme Damaged status Not for loan Collection code Permanent Location Current Location Shelving location Date acquired Source of acquisition Cost, normal purchase price Total Checkouts Full call number Date last seen Copy number Koha item type
  Dewey Decimal Classification   Added to bundle Non-fiction Central Library, University of Rajshahi Central Library, University of Rajshahi Reading Room 21/01/2014 Gonathan com. 0.00   355.82511909 CLG 1980 21/01/2014 C-1 Books